000 00884nam a2200265 i 4500
001 13102
003 ES-MaACL
005 20250718062530.0
007 t|
008 971202s1996 sp ||||1| spa d
020 _a84-313-1429-X
080 _a17
080 _a1 Brentano, Franz
100 1 _aSánchez-Migallón Granados, Sergio.
_9102780
245 1 3 _aLa ética de Franz Brentano /
_cSergio Sánchez-Migallón Granados ; prólogo de Antonio Millán-Puelles.
260 _aPamplona :
_bEunsa,
_cD.L. 1996.
300 _a401 p. ;
_c22 cm.
490 1 _aColección filosófica ;
_v108
600 1 4 _aBrentano, Franz-
_vCrítica e interpretación.
_931598
650 1 7 _aÉtica
_2embne
_912577
700 1 _aMillán Puelles, Antonio,
_d1921-2005
_981155
830 0 _aColección filosófica ;
_v108
_9180473
852 _aES-MaACL
_jL-20370
_bR.126163
999 _c13102
_d13102